Fertilizer management in rubber (Record no. 59366)

MARC details
000 -LEADER
fixed length control field 00378nam a2200109Ia 4500
100 ## - MAIN ENTRY--AUTHOR NAME
Personal name Potty S N
245 #0 - TITLE STATEMENT
Title Fertilizer management in rubber
260 ## - PUBLICATION, DISTRIBUTION, ETC. (IMPRINT)
Name of publisher In: Fertilizer management in commercial crops. (Ed. Tandon). Fertilizer development and consultation organisation, New Delhi, pp. 133-147
700 ## - ADDED ENTRY--PERSONAL NAME
Personal name Mani J
942 ## - ADDED ENTRY ELEMENTS (KOHA)
Koha item type Journals
Holdings
Withdrawn status Lost status Damaged status Not for loan Home library Current library Date acquired Koha item type
      Journals RRII Library RRII Library 17/12/2021 Journals